Meggyötört emberek : Tisztviselőtelep Homonnán
Správa o tom, že pre úradníkov, ktorých osud zavial do Humenného, nie je dostatočne postarané o bývanie. Vzniká hnutie na podporu ich bývania. Pripravuje sa výstavba osady, resp. sídlisko pre týchto úradníkov.
| Médium: | Článok |
|---|---|
| Jazyk: | Hungarian |
| Témy: | |
| Zdroj: |
1. Homonna és Vidéke : Hetilap 1. Roč. 14, č. 14 (05.04.1914) s. 3 |
| LEADER | 00998nab#a2200301#ar4500 | ||
|---|---|---|---|
| 001 | 000072364 | ||
| 003 | SVKKK | ||
| 005 | 20020801xxxxxxx. | ||
| 008 | 06 c xo huno | ||
| FMT | |||
| 038 | |a SVKKK | ||
| 040 | |a SVKKK |b slo |e AACR2 | ||
| 041 | 0 | |a hun | |
| 044 | |a xo |c SK | ||
| 080 | |a 643 | ||
| 242 | 1 | 0 | |a Zmučení ľudia |
| 245 | 0 | 0 | |a Meggyötört emberek : |b Tisztviselőtelep Homonnán |
| 500 | |a mikrofilm | ||
| 520 | 2 | |a Správa o tom, že pre úradníkov, ktorých osud zavial do Humenného, nie je dostatočne postarané o bývanie. Vzniká hnutie na podporu ich bývania. Pripravuje sa výstavba osady, resp. sídlisko pre týchto úradníkov. | |
| 650 | 0 | 4 | |a otázka bytová - úradníci humennskí - riešenie pripravované - Humenné - marec 1914 - správy |
| 773 | 0 | |t Homonna és Vidéke : Hetilap |g Roč. 14, č. 14 (05.04.1914) s. 3 | |
| 957 | |a Humenné | ||
| 958 | |a DG | ||
| 958 | |a SK | ||
| 974 | |a Ba |d 20020801 | ||
| 992 | |a RBX | ||
| BAS | |||
| 998 | |a RETRO | ||